| 000 | 00596nam a2200205Ia 4500 | ||
|---|---|---|---|
| 003 | OSt | ||
| 005 | 20230507203900.0 | ||
| 008 | 210423s1999 xx 000 0 und d | ||
| 040 | _cAL | ||
| 041 | _aeng | ||
| 082 |
_a338.9 _223 _bMEHP |
||
| 100 |
_aMEHTA (Prayag) _999592 |
||
| 245 | _aPsychological strategy for alternative human development | ||
| 260 |
_aNew Delhi _bSage Publications _c1999 |
||
| 365 |
_b395 _cINR |
||
| 650 |
_aEconomics _999593 |
||
| 650 |
_aEconomics of Development _999594 |
||
| 906 | _aalternative ; development ; human ; Psychological ; strategy | ||
| 942 |
_2ddc _cBK |
||
| 999 |
_c171443 _d171443 |
||